000 01549nam a2200373Ia 4500
001 ebr10350097
003 CaPaEBR
006 m u
007 cr cn|||||||||
008 090729s2009 enk s 001 0 eng d
010 _z 2009031264
020 _z9780754675532 (hardback : alk. paper)
020 _z9780754699255
040 _aCaPaEBR
_cCaPaEBR
035 _a(OCoLC)646871292
050 1 4 _aKF4755
_b.S59 2009eb
082 0 4 _a342.7308/73
_222
100 1 _aSidhu, Dawinder S.
245 1 0 _aCivil rights in wartime
_h[electronic resource] :
_bthe post-9/11 Sikh experience /
_cby Dawinder S. Sidhu and Neha Singh Gohil.
260 _aFarnham, Surrey [UK] ;
_aBurlington, VT :
_bAshgate,
_cc2009.
300 _axvii, 214 p.
500 _aIncludes index.
533 _aElectronic reproduction.
_bPalo Alto, Calif. :
_cebrary,
_d2010.
_nAvailable via World Wide Web.
_nAccess may be limited to ebrary affiliated libraries.
650 0 _aSikhs
_xCivil rights
_zUnited States.
650 0 _aDiscrimination
_xLaw and legislation
_zUnited States.
650 0 _aMinorities
_xLegal status, laws, etc.
_zUnited States.
650 0 _aTerrorism
_xPrevention
_xLaw and legislation
_zUnited States.
650 0 _aSeptember 11 Terrorist Attacks, 2001.
650 0 _aTerrorism
_zUnited States
_xPrevention.
655 7 _aElectronic books.
_2local
700 1 _aGohil, Neha Singh.
710 2 _aebrary, Inc.
856 4 0 _uhttp://site.ebrary.com/lib/rucke/Doc?id=10350097
_zAn electronic book accessible through the World Wide Web; click to view
999 _c28911
_d28911